[Event "DSJ Weihnachtsturnier U20 2020"]
[Site "https://play.chessbase.com/en/play?room=DSJWeihnachtU20"]
[Date "2020.12.29"]
[Round "1"]
[White "Kolb, Tobias"]
[Black "Scheuer, Adrian"]
[Result "1-0"]
[Termination "normal"]
[Board "17.1"]
[WhiteElo "2285"]
[BlackElo "1600"]
[WhiteTeam "SC 1868 Bamberg"]
[BlackTeam "SC 1948 Ersingen"]
[PlyCount "145"]
[WhiteFideId "12992321"]
[BlackFideId "34673741"]
[EventRounds "7"]
[EventType "team-swiss"]
[EventDate "2020.12.29"]

1. e4 {[%emt 0:00:13]} c5 {[%emt 0:00:04]} 2. Nc3 {[%emt 0:00:02]} e6 {[%emt
0:00:03]} 3. g3 {[%emt 0:00:01]} d5 {[%emt 0:00:09]} 4. exd5 {[%emt 0:00:02]}
exd5 {[%emt 0:00:01]} 5. Bg2 {[%emt 0:00:03]} Nf6 {[%emt 0:00:02]} 6. Nge2 {
[%emt 0:00:07]} Nc6 {[%emt 0:00:18]} 7. d4 {[%emt 0:00:02]} Be6 {[%emt 0:00:10]
} 8. O-O {[%emt 0:00:03]} Be7 {[%emt 0:00:03]} 9. Bg5 {[%emt 0:00:04]} h6 {
[%emt 0:00:02]} 10. Bxf6 {[%emt 0:00:07]} Bxf6 {[%emt 0:00:01]} 11. dxc5 {
[%emt 0:00:03]} d4 {[%emt 0:02:10]} 12. Ne4 {[%emt 0:00:07]} O-O {[%emt
0:00:12]} 13. Nxf6+ {[%emt 0:00:07]} Qxf6 {[%emt 0:00:01]} 14. Bxc6 {[%emt
0:00:09]} bxc6 {[%emt 0:00:01]} 15. Qxd4 {[%emt 0:00:01]} Qf3 {[%emt 0:00:11]}
16. Qe3 { [%emt 0:00:37]} Qh5 {[%emt 0:00:09]} 17. Nf4 {[%emt 0:00:04]} Qf5
{[%emt 0:00:22]} 18. Nxe6 {[%emt 0:00:05]} fxe6 {[%emt 0:00:01]} 19. Rae1
{[%emt 0:00:15]} Rae8 {[%emt 0:00:10]} 20. Re2 {[%emt 0:00:08]} Qd5 {[%emt
0:00:38]} 21. b3 { [%emt 0:00:25]} Rf3 {[%emt 0:00:02]} 22. Qe4 {[%emt
0:00:03]} Rc3 {[%emt 0:00:29]} 23. Qxd5 {[%emt 0:01:00]} cxd5 {[%emt 0:00:03]}
24. b4 {[%emt 0:00:01]} Kf7 {[%emt 0:00:16]} 25. Rb1 {[%emt 0:00:03]} Rb8
{[%emt 0:00:44]} 26. Rb2 { [%emt 0:00:12]} a5 {[%emt 0:00:40]} 27. Re3 {[%emt
0:00:13]} Rc4 {[%emt 0:00:20]} 28. c3 {[%emt 0:00:48]} Rxc5 {[%emt 0:00:22]}
29. a4 {[%emt 0:00:34]} Rc4 {[%emt 0:00:18]} 30. Re1 {[%emt 0:00:08]} axb4
{[%emt 0:00:02]} 31. Reb1 { [%emt 0:00:04]} Rxc3 {[%emt 0:00:06]} 32. Rxb4
{[%emt 0:00:01]} Rxb4 {[%emt 0:00:01]} 33. Rxb4 {[%emt 0:00:00]} Ra3 {[%emt
0:00:01]} 34. h4 {[%emt 0:00:05]} Kf6 {[%emt 0:00:05]} 35. Kg2 {[%emt 0:00:20]}
g5 {[%emt 0:00:11]} 36. h5 { [%emt 0:00:09]} Kf5 {[%emt 0:00:22]} 37. g4+
{[%emt 0:00:52]} Ke5 {[%emt 0:00:06]} 38. f3 {[%emt 0:00:01]} d4 {[%emt
0:00:08]} 39. Kg3 {[%emt 0:00:35]} d3 { [%emt 0:00:21]} 40. Kf2 {[%emt
0:00:12]} Kd5 {[%emt 0:00:12]} 41. Ke3 {[%emt 0:00:09]} d2+ {[%emt 0:00:08]}
42. Kxd2 {[%emt 0:00:02]} Rxf3 {[%emt 0:00:01]} 43. Ke2 {[%emt 0:00:31]} Ra3
{[%emt 0:00:17]} 44. Kf2 {[%emt 0:00:05]} Ke5 { [%emt 0:00:10]} 45. Kg2 {[%emt
0:00:09]} Rd3 {[%emt 0:00:19]} 46. Rb5+ { [%emt 0:00:14]} Kd6 {[%emt 0:00:30]}
47. Rb6+ {[%emt 0:00:15]} Ke5 {[%emt 0:00:04]} 48. Rb5+ {[%emt 0:00:11]} Kd6
{[%emt 0:00:04]} 49. Rb4 {[%emt 0:00:40]} Kc5 {[%emt 0:00:08]} 50. Rb5+ {[%emt
0:00:20]} Kc6 {[%emt 0:00:06]} 51. Re5 { [%emt 0:00:09]} Kd6 {[%emt 0:00:04]}
52. Re4 {[%emt 0:00:03]} Ra3 {[%emt 0:00:04]} 53. Rb4 {[%emt 0:00:06]} Kc5
{[%emt 0:00:02]} 54. Rb5+ {[%emt 0:00:07]} Kc4 {[%emt 0:00:02]} 55. Re5 {[%emt
0:00:02]} Rxa4 {[%emt 0:00:03]} 56. Rxe6 { [%emt 0:00:03]} Kd3 {[%emt 0:00:02]}
57. Kg3 {[%emt 0:00:05]} Kd4 {[%emt 0:00:06]} 58. Rxh6 {[%emt 0:00:03]} Ra3+
{[%emt 0:00:01]} 59. Kf2 {[%emt 0:00:03]} Ke4 {[%emt 0:00:01]} 60. Rf6 {[%emt
0:00:03]} Ke5 {[%emt 0:00:06]} 61. Rf5+ { [%emt 0:00:01]} Ke6 {[%emt 0:00:01]}
62. Rxg5 {[%emt 0:00:01]} Ra7 {[%emt 0:00:02]} 63. Kg3 {[%emt 0:00:01]} Ra3+
{[%emt 0:00:01]} 64. Kh4 {[%emt 0:00:01]} Kf6 {[%emt 0:00:00]} 65. Rf5+ {[%emt
0:00:01]} Kg7 {[%emt 0:00:01]} 66. Kg5 { [%emt 0:00:02]} Rg3 {[%emt 0:00:02]}
67. Rb5 {[%emt 0:00:01]} Ra3 {[%emt 0:00:01]} 68. Rb7+ {[%emt 0:00:01]} Kf8
{[%emt 0:00:01]} 69. Rb5 {[%emt 0:00:02]} Ra7 {[%emt 0:00:02]} 70. Kh6 {[%emt
0:00:05]} Kg8 {[%emt 0:00:03]} 71. g5 { [%emt 0:00:01]} Ra6+ {[%emt 0:00:01]}
72. g6 {[%emt 0:00:01]} Ra7 {[%emt 0:00:02]} 73. Rb8# {[%emt 0:00:02]} 1-0

[Event "DSJ Weihnachtsturnier U20 2020"]
[Site "https://play.chessbase.com/en/play?room=DSJWeihnachtU20"]
[Date "2020.12.29"]
[Round "1"]
[White "Förster, Fabio"]
[Black "Köhler, Lukas"]
[Result "1/2-1/2"]
[Termination "normal"]
[Board "17.2"]
[WhiteElo "1602"]
[BlackElo "2127"]
[WhiteTeam "SC 1948 Ersingen"]
[BlackTeam "SC 1868 Bamberg"]
[PlyCount "63"]
[WhiteFideId "16297571"]
[BlackFideId "16221990"]
[EventRounds "7"]
[EventType "team-swiss"]
[EventDate "2020.12.29"]

1. c4 { [%emt 0:00:05]} c5 {[%emt 0:00:10]} 2. Nc3 {[%emt 0:00:04]} Nc6 {[%emt
0:00:04] } 3. g3 {[%emt 0:00:03]} g6 {[%emt 0:00:02]} 4. Bg2 {[%emt 0:00:03]}
Bg7 { [%emt 0:00:01]} 5. e4 {[%emt 0:00:03]} e6 {[%emt 0:00:04]} 6. d3 {[%emt
0:00:01]} Nge7 {[%emt 0:00:01]} 7. Nge2 {[%emt 0:00:02]} O-O {[%emt 0:00:09]}
8. O-O {[%emt 0:00:02]} d6 {[%emt 0:00:11]} 9. f4 {[%emt 0:00:09]} Nd4 {[%emt
0:00:05] } 10. Nxd4 {[%emt 0:00:20]} Bxd4+ {[%emt 0:00:09]} 11. Kh1 {[%emt
0:00:03]} Bd7 {[%emt 0:00:01]} 12. Ne2 {[%emt 0:00:14]} Bg7 {[%emt 0:00:03]}
13. Rb1 { [%emt 0:00:05]} Rb8 {[%emt 0:00:11]} 14. Be3 {[%emt 0:00:17]} Nc6
{[%emt 0:00:03]} 15. a3 {[%emt 0:00:09]} b5 {[%emt 0:00:04]} 16. cxb5 {[%emt
0:01:03]} Rxb5 {[%emt 0:00:02]} 17. Nc3 {[%emt 0:00:07]} Rb8 {[%emt 0:00:18]}
18. Qd2 { [%emt 0:00:24]} Nd4 {[%emt 0:00:11]} 19. Bxd4 {[%emt 0:00:32]} Bxd4
{[%emt 0:00:05]} 20. h3 {[%emt 0:00:32]} Qa5 {[%emt 0:00:23]} 21. g4 {[%emt
0:01:17]} Rb3 {[%emt 0:00:29]} 22. f5 {[%emt 0:01:46]} Bxc3 {[%emt 0:00:25]}
23. bxc3 { [%emt 0:00:08]} Qxc3 {[%emt 0:00:02]} 24. Qh6 {[%emt 0:00:20]} Rxb1
{[%emt 0:00:21]} 25. Rxb1 {[%emt 0:00:11]} Qg7 {[%emt 0:00:43]} 26. Qf4 {[%emt
0:00:17]} Qe5 {[%emt 0:00:44]} 27. Qg5 {[%emt 0:01:08]} exf5 {[%emt 0:00:30]}
28. gxf5 { [%emt 0:00:14]} f6 {[%emt 0:02:06]} 29. Qh6 {[%emt 0:00:28]} g5
{[%emt 0:00:45] } 30. Rb7 {[%emt 0:00:13]} Rd8 {[%emt 0:00:17]} 31. Bf3 {[%emt
0:00:10]} Qd5 { [%emt 0:01:00] Ersingen002 accepted take back of e4d5} 32. exd5
{[%emt 0:00:23] Ersingen002 offers a draw} 1/2-1/2

[Event "DSJ Weihnachtsturnier U20 2020"]
[Site "https://play.chessbase.com/en/play?room=DSJWeihnachtU20"]
[Date "2020.12.29"]
[Round "1"]
[White "Wolf, Pablo"]
[Black "Ruf, David"]
[Result "1-0"]
[Termination "normal"]
[Board "17.3"]
[WhiteElo "2001"]
[BlackElo "1581"]
[WhiteTeam "SC 1868 Bamberg"]
[BlackTeam "SC 1948 Ersingen"]
[PlyCount "119"]
[WhiteFideId "12943894"]
[BlackFideId "16297636"]
[EventRounds "7"]
[EventType "team-swiss"]
[EventDate "2020.12.29"]

1. e4 {[%emt 0:00:03]} c5 { [%emt 0:00:02]} 2. Nc3 {[%emt 0:00:02]} Nc6 {[%emt
0:00:02]} 3. g3 {[%emt 0:00:03]} Nf6 {[%emt 0:00:13]} 4. Bg2 {[%emt 0:00:02]}
d6 {[%emt 0:00:03]} 5. d3 { [%emt 0:00:01]} e6 {[%emt 0:00:15]} 6. Be3 {[%emt
0:00:03]} Be7 {[%emt 0:00:06] } 7. f4 {[%emt 0:00:01]} O-O {[%emt 0:00:05]} 8.
Nf3 {[%emt 0:00:04]} d5 { [%emt 0:00:36]} 9. e5 {[%emt 0:00:15]} Ng4 {[%emt
0:00:09]} 10. Bd2 {[%emt 0:00:04]} b6 {[%emt 0:00:55]} 11. h3 {[%emt 0:00:10]}
Nh6 {[%emt 0:00:10]} 12. O-O {[%emt 0:00:01]} f6 {[%emt 0:00:36]} 13. exf6
{[%emt 0:00:09]} Bxf6 { [%emt 0:00:04]} 14. Qe2 {[%emt 0:00:01]} Nf5 {[%emt
0:00:17]} 15. Kh2 {[%emt 0:00:02]} Ncd4 {[%emt 0:00:27]} 16. Nxd4 {[%emt
0:00:06]} Nxd4 {[%emt 0:00:16]} 17. Qh5 {[%emt 0:00:37]} Bb7 {[%emt 0:00:41]}
18. Rac1 {[%emt 0:00:12]} Rb8 { [%emt 0:00:13]} 19. Qg4 {[%emt 0:00:36]} Nf5
{[%emt 0:00:25]} 20. Rce1 { [%emt 0:00:28]} Qd7 {[%emt 0:00:11]} 21. Nd1 {[%emt
0:00:33]} Rfe8 {[%emt 0:00:34]} 22. c3 {[%emt 0:00:07]} Ba6 {[%emt 0:00:15]}
23. Qe2 {[%emt 0:00:17]} c4 { [%emt 0:00:20]} 24. d4 {[%emt 0:00:08]} Bc8
{[%emt 0:00:05]} 25. Ne3 {[%emt 0:00:03]} Kf8 {[%emt 0:00:15]} 26. Qf3 {[%emt
0:00:11]} Qf7 {[%emt 0:00:18]} 27. Nxf5 {[%emt 0:00:03]} exf5 {[%emt 0:00:03]}
28. Qxd5 {[%emt 0:00:01]} Qxd5 { [%emt 0:00:03]} 29. Bxd5 {[%emt 0:00:00]} Rxe1
{[%emt 0:00:02]} 30. Rxe1 { [%emt 0:00:02]} Bb7 {[%emt 0:00:01]} 31. Bxc4
{[%emt 0:00:10]} a6 {[%emt 0:00:03]} 32. Bf1 {[%emt 0:00:17]} b5 {[%emt
0:00:04]} 33. Bg2 {[%emt 0:00:02]} Bc8 {[%emt 0:00:07]} 34. d5 {[%emt 0:00:04]}
Bd7 {[%emt 0:00:04]} 35. Be3 {[%emt 0:00:01]} Re8 {[%emt 0:00:04]} 36. Bc5+
{[%emt 0:00:02]} Kf7 {[%emt 0:00:03]} 37. Rxe8 {[%emt 0:00:05]} Kxe8 {[%emt
0:00:01]} 38. Kg1 {[%emt 0:00:02]} Kd8 { [%emt 0:00:08]} 39. Kf2 {[%emt
0:00:02]} Kc7 {[%emt 0:00:02]} 40. Ke3 {[%emt 0:00:01]} Kb7 {[%emt 0:00:05]}
41. Bd4 {[%emt 0:00:01]} Bxd4+ {[%emt 0:00:10]} 42. Kxd4 {[%emt 0:00:00]} Kc7
{[%emt 0:00:02]} 43. Ke5 {[%emt 0:00:03]} g6 { [%emt 0:00:03]} 44. d6+ {[%emt
0:00:09]} Kd8 {[%emt 0:00:03]} 45. Bd5 {[%emt 0:00:01]} Ke8 {[%emt 0:00:03]}
46. b3 {[%emt 0:00:02]} Kf8 {[%emt 0:00:05]} 47. c4 {[%emt 0:00:00]} bxc4
{[%emt 0:00:03]} 48. bxc4 {[%emt 0:00:01]} Ke8 { [%emt 0:00:02]} 49. c5 {[%emt
0:00:01]} Kd8 {[%emt 0:00:04]} 50. c6 {[%emt 0:00:01]} Be8 {[%emt 0:00:01]} 51.
c7+ {[%emt 0:00:01]} Kd7 {[%emt 0:00:02]} 52. Be6+ {[%emt 0:00:02]} Kc6 {[%emt
0:00:04]} 53. c8=Q+ {[%emt 0:00:00]} Kb6 { [%emt 0:00:04]} 54. Qxe8 {[%emt
0:00:02]} Ka5 {[%emt 0:00:02]} 55. d7 {[%emt 0:00:01]} g5 {[%emt 0:00:02]} 56.
d8=Q+ {[%emt 0:00:00]} Kb4 {[%emt 0:00:03]} 57. Qc6 {[%emt 0:00:01]} gxf4
{[%emt 0:00:02]} 58. Qdb6+ {[%emt 0:00:01]} Ka3 { [%emt 0:00:02]} 59. Qc3+
{[%emt 0:00:02]} Ka4 {[%emt 0:00:02]} 60. Qcb4# { [%emt 0:00:00]} 1-0

[Event "DSJ Weihnachtsturnier U20 2020"]
[Site "https://play.chessbase.com/en/play?room=DSJWeihnachtU20"]
[Date "2020.12.29"]
[Round "1"]
[White "Anderson, Kim"]
[Black "Tahirovic, Denis"]
[Result "0-1"]
[Termination "normal"]
[Board "17.4"]
[WhiteElo "1122"]
[BlackElo "1439"]
[WhiteTeam "SC 1948 Ersingen"]
[BlackTeam "SC 1868 Bamberg"]
[PlyCount "68"]
[BlackFideId "16258762"]
[EventRounds "7"]
[EventType "team-swiss"]
[EventDate "2020.12.29"]

1. e4 {[%emt 0:00:04]} c5 {[%emt 0:00:14]} 2. Nf3 {[%emt 0:00:09]} d6 {[%emt
0:00:06]} 3. Nc3 {[%emt 0:00:25]} Nf6 {[%emt 0:00:22]} 4. Bc4 {[%emt 0:00:31]}
e6 {[%emt 0:00:03]} 5. d4 {[%emt 0:00:12]} cxd4 {[%emt 0:00:02]} 6. Nxd4 {[%emt
0:00:10]} Nc6 {[%emt 0:00:13]} 7. Nf3 {[%emt 0:00:14]} Be7 {[%emt 0:00:08]} 8.
O-O {[%emt 0:00:10]} O-O {[%emt 0:00:05]} 9. b3 {[%emt 0:00:27]} a6 {[%emt
0:00:05]} 10. Bb2 {[%emt 0:00:06]} b5 {[%emt 0:00:04]} 11. Be2 {[%emt 0:00:11]}
b4 {[%emt 0:00:05]} 12. Na4 {[%emt 0:00:26]} Nxe4 {[%emt 0:00:09]} 13. c3 {
[%emt 0:00:33]} d5 {[%emt 0:00:29]} 14. c4 {[%emt 0:00:36]} a5 {[%emt 0:00:19]}
15. Nd4 {[%emt 0:00:20]} Nxd4 {[%emt 0:00:34]} 16. Qxd4 {[%emt 0:00:12]} Bf6 {
[%emt 0:00:05]} 17. Qd1 {[%emt 0:00:18]} Bd7 {[%emt 0:00:35]} 18. Bxf6 { [%emt
0:00:49]} Qxf6 {[%emt 0:00:04]} 19. Nb6 {[%emt 0:00:09]} Ra7 {[%emt 0:00:12]}
20. cxd5 {[%emt 0:00:11]} Nc3 {[%emt 0:00:10]} 21. Qd3 {[%emt 0:00:29]} Bb5
{[%emt 0:00:09]} 22. Nc4 {[%emt 0:00:17]} exd5 {[%emt 0:00:09]} 23. Qe3 { [%emt
0:00:23]} Re7 {[%emt 0:00:11]} 24. Qc5 {[%emt 0:02:02]} Nxe2+ {[%emt 0:00:07]}
25. Kh1 {[%emt 0:00:08]} dxc4 {[%emt 0:00:03]} 26. Qxb5 {[%emt 0:00:09] } c3
{[%emt 0:00:08]} 27. f3 {[%emt 0:00:17]} Qh4 {[%emt 0:00:43]} 28. Rae1 { [%emt
0:00:06]} Ng3+ {[%emt 0:00:14]} 29. Kg1 {[%emt 0:00:17]} Qd4+ {[%emt 0:00:26]}
30. Re3 {[%emt 0:00:28]} Qxe3+ {[%emt 0:00:03]} 31. Rf2 {[%emt 0:00:01] } Qc1+
{[%emt 0:00:14]} 32. Rf1 {[%emt 0:00:02]} Nxf1 {[%emt 0:00:02]} 33. Qxf1 {[%emt
0:00:02]} Re1 {[%emt 0:00:01]} 34. Qxe1 {[%emt 0:00:03]} Qxe1# {[%emt 0:00:00]}
0-1

[Event "DSJ Weihnachtsturnier U20 2020"]
[Site "https://play.chessbase.com/en/play?room=DSJWeihnachtU20"]
[Date "2020.12.29"]
[Round "1"]
[White "Mehlhorn, David"]
[Black "Schlangenotto, Niklas"]
[Result "0-1"]
[Termination "normal"]
[Board "18.1"]
[WhiteElo "1511"]
[BlackElo "2008"]
[WhiteTeam "SGem Aschheim/Feldkirchen/Kirchheim"]
[BlackTeam "SK Blauer Springer Paderborn 1926"]
[PlyCount "28"]
[WhiteFideId "34607757"]
[BlackFideId "16217560"]
[EventRounds "7"]
[EventType "team-swiss"]
[EventDate "2020.12.29"]

1. e4 {[%emt 0:00:03]} Nc6 {[%emt 0:00:02]} 2. Nf3 {[%emt 0:00:03]} f5 { [%emt
0:00:01]} 3. exf5 {[%emt 0:00:03]} d5 {[%emt 0:00:01]} 4. b3 {[%emt 0:00:11]}
Bxf5 {[%emt 0:00:03]} 5. Bb2 {[%emt 0:00:02]} Nf6 {[%emt 0:00:05]} 6. Bb5
{[%emt 0:00:08]} e6 {[%emt 0:01:35]} 7. Nd4 {[%emt 0:00:23]} Bd6 {[%emt
0:03:22]} 8. Nxc6 {[%emt 0:00:25]} bxc6 {[%emt 0:00:01]} 9. Bxc6+ {[%emt
0:00:00]} Kf7 {[%emt 0:00:01]} 10. Bxa8 {[%emt 0:00:14]} Qxa8 {[%emt 0:00:41]}
11. Bxf6 { [%emt 0:00:02]} gxf6 {[%emt 0:00:04]} 12. O-O {[%emt 0:00:16]} Rg8
{[%emt 0:00:05]} 13. Nc3 {[%emt 0:00:08]} d4 {[%emt 0:00:10]} 14. Ne2 {[%emt
0:00:04]} Qxg2# {[%emt 0:00:02]} 0-1

[Event "DSJ Weihnachtsturnier U20 2020"]
[Site "https://play.chessbase.com/en/play?room=DSJWeihnachtU20"]
[Date "2020.12.29"]
[Round "1"]
[White "Brockhoff, Moritz"]
[Black "Krumm, Arthur"]
[Result "1-0"]
[Termination "normal"]
[Board "18.2"]
[WhiteElo "1985"]
[BlackElo "1667"]
[WhiteTeam "SK Blauer Springer Paderborn 1926"]
[BlackTeam "SGem Aschheim/Feldkirchen/Kirchheim"]
[PlyCount "61"]
[WhiteFideId "16214927"]
[BlackFideId "34607811"]
[EventRounds "7"]
[EventType "team-swiss"]
[EventDate "2020.12.29"]

1. e4 {[%emt 0:00:04]} e6 {[%emt 0:00:01]} 2. f4 {[%emt 0:00:02]} d5 {[%emt
0:00:01]} 3. e5 {[%emt 0:00:01]} c5 {[%emt 0:00:03]} 4. b4 {[%emt 0:00:01]} Nc6
{ [%emt 0:00:24]} 5. bxc5 {[%emt 0:00:06]} Bxc5 {[%emt 0:00:02]} 6. Nf3 {[%emt
0:00:02]} Qb6 {[%emt 0:00:04]} 7. Nc3 {[%emt 0:00:31]} Bf2+ {[%emt 0:00:04]} 8.
Ke2 {[%emt 0:00:02]} Bd4 {[%emt 0:00:11]} 9. Rb1 {[%emt 0:00:07]} Qa6+ { [%emt
0:00:04]} 10. Ke1 {[%emt 0:00:03]} Bd7 {[%emt 0:00:17]} 11. Bxa6 { [%emt
0:00:02]} bxa6 {[%emt 0:00:11]} 12. Nxd4 {[%emt 0:00:05]} Nxd4 {[%emt 0:00:00]}
13. Ba3 {[%emt 0:00:02]} Ba4 {[%emt 0:00:04]} 14. Rb2 {[%emt 0:00:06]} Bb5
{[%emt 0:00:23]} 15. Nxb5 {[%emt 0:00:02]} Nxb5 {[%emt 0:00:00]} 16. Bc5 {
[%emt 0:00:05]} Ne7 {[%emt 0:00:06]} 17. d4 {[%emt 0:00:04]} Nf5 {[%emt
0:00:03]} 18. Qd3 {[%emt 0:00:05]} g6 {[%emt 0:00:28]} 19. Kf2 {[%emt 0:00:04]}
h5 { [%emt 0:00:03]} 20. a4 {[%emt 0:00:09]} Nbxd4 {[%emt 0:00:23]} 21. Bxd4 {
[%emt 0:00:01]} O-O {[%emt 0:00:03]} 22. h3 {[%emt 0:00:02]} Rfc8 {[%emt
0:00:06]} 23. c3 {[%emt 0:00:02]} Rc4 {[%emt 0:00:02]} 24. g4 {[%emt 0:00:02]}
Nxd4 {[%emt 0:00:02]} 25. cxd4 {[%emt 0:00:01]} Rac8 {[%emt 0:00:02]} 26. gxh5
{ [%emt 0:00:01]} gxh5 {[%emt 0:00:02]} 27. Rg1+ {[%emt 0:00:01]} Kf8 {[%emt
0:00:07]} 28. Qh7 {[%emt 0:00:03]} Rxa4 {[%emt 0:00:04]} 29. Rg8+ {[%emt
0:00:03] } Ke7 {[%emt 0:00:08]} 30. Rxc8 {[%emt 0:00:00]} Rxd4 {[%emt 0:00:01]}
31. Rb7# {[%emt 0:00:02]} 1-0

[Event "DSJ Weihnachtsturnier U20 2020"]
[Site "https://play.chessbase.com/en/play?room=DSJWeihnachtU20"]
[Date "2020.12.29"]
[Round "1"]
[White "Centgraf, Andra's"]
[Black "Kesselmeier, Kevin"]
[Result "1/2-1/2"]
[Termination "normal"]
[Board "18.3"]
[WhiteElo "1504"]
[BlackElo "1927"]
[WhiteTeam "SGem Aschheim/Feldkirchen/Kirchheim"]
[BlackTeam "SK Blauer Springer Paderborn 1926"]
[PlyCount "127"]
[WhiteFideId "34611177"]
[BlackFideId "16217551"]
[EventRounds "7"]
[EventType "team-swiss"]
[EventDate "2020.12.29"]

1. d4 {[%emt 0:00:03]} Nf6 {[%emt 0:00:05]} 2. c4 {[%emt 0:00:01]} e6 {[%emt
0:00:03]} 3. Nf3 {[%emt 0:00:01]} d5 {[%emt 0:00:12]} 4. Nc3 {[%emt 0:00:02]}
Bb4 {[%emt 0:00:15]} 5. Bg5 {[%emt 0:00:03]} h6 {[%emt 0:00:03]} 6. Bh4 {[%emt
0:00:02]} O-O {[%emt 0:00:02]} 7. e3 {[%emt 0:00:02]} c5 {[%emt 0:00:31]} 8.
cxd5 {[%emt 0:00:03]} exd5 {[%emt 0:00:04]} 9. Bd3 {[%emt 0:00:11]} c4 {[%emt
0:00:13]} 10. Bc2 {[%emt 0:00:02]} Bg4 {[%emt 0:00:04]} 11. h3 {[%emt 0:00:05]}
Be6 {[%emt 0:00:21]} 12. O-O {[%emt 0:00:06]} Bxc3 {[%emt 0:00:09]} 13. bxc3 {
[%emt 0:00:02]} Nbd7 {[%emt 0:00:04]} 14. Ne5 {[%emt 0:00:06]} Qa5 {[%emt
0:00:38]} 15. Nxd7 {[%emt 0:00:25]} Nxd7 {[%emt 0:00:07]} 16. Be7 {[%emt
0:00:02]} Rfe8 {[%emt 0:00:08]} 17. Bb4 {[%emt 0:00:02]} Qc7 {[%emt 0:00:13]}
18. Ba4 { [%emt 0:00:09]} Bf5 {[%emt 0:00:37]} 19. Bc2 {[%emt 0:00:09]} Bxc2
{[%emt 0:00:18]} 20. Qxc2 {[%emt 0:00:00]} Nf6 {[%emt 0:00:41]} 21. a4 {[%emt
0:00:13]} a5 {[%emt 0:00:23]} 22. Ba3 {[%emt 0:00:10]} Ne4 {[%emt 0:00:49]} 23.
Rab1 { [%emt 0:01:22]} Re6 {[%emt 0:00:39]} 24. Rb5 {[%emt 0:00:51]} Rd8 {[%emt
0:01:00]} 25. Rfb1 {[%emt 0:00:36]} b6 {[%emt 0:00:02]} 26. Qb2 {[%emt
0:02:34]} Rg6 {[%emt 0:00:49]} 27. Rxb6 {[%emt 0:01:05]} Rxb6 {[%emt 0:00:14]}
28. Qxb6 { [%emt 0:00:00]} Qxb6 {[%emt 0:00:01]} 29. Rxb6 {[%emt 0:00:04]} Nxc3
{[%emt 0:00:01]} 30. Ra6 {[%emt 0:00:35]} Nxa4 {[%emt 0:00:30]} 31. Rxa5 {[%emt
0:00:03] } Nc3 {[%emt 0:00:00]} 32. Bb4 {[%emt 0:00:06]} Ne4 {[%emt 0:00:03]}
33. f3 { [%emt 0:00:05]} Nf6 {[%emt 0:00:06]} 34. Be7 {[%emt 0:00:07]} Rd7
{[%emt 0:00:44]} 35. Bxf6 {[%emt 0:00:16]} gxf6 {[%emt 0:00:00]} 36. Rc5 {[%emt
0:00:04]} f5 {[%emt 0:00:03]} 37. Kf2 {[%emt 0:00:02]} Kg7 {[%emt 0:00:02]} 38.
Ke2 { [%emt 0:00:03]} h5 {[%emt 0:00:11]} 39. f4 {[%emt 0:00:04]} Kf6 {[%emt
0:00:02] } 40. Kf3 {[%emt 0:00:04]} Ke6 {[%emt 0:00:06]} 41. Rc6+ {[%emt
0:00:05]} Rd6 { [%emt 0:00:04]} 42. Rc5 {[%emt 0:00:03]} Ra6 {[%emt 0:00:07]}
43. g4 {[%emt 0:00:04]} hxg4+ {[%emt 0:00:06]} 44. hxg4 {[%emt 0:00:01]} fxg4+
{[%emt 0:00:00]} 45. Kxg4 {[%emt 0:00:01]} Ra1 {[%emt 0:00:11]} 46. f5+ {[%emt
0:00:03]} Kd6 { [%emt 0:00:03]} 47. Kf4 {[%emt 0:00:04]} Rf1+ {[%emt 0:00:04]}
48. Kg5 { [%emt 0:00:03]} Rf3 {[%emt 0:00:06]} 49. e4 {[%emt 0:00:10]} dxe4
{[%emt 0:00:02]} 50. Rxc4 {[%emt 0:00:04]} Kd5 {[%emt 0:00:05]} 51. Rc7 {[%emt
0:00:04]} e3 {[%emt 0:00:08]} 52. Rxf7 {[%emt 0:00:06]} Kxd4 {[%emt 0:00:03]}
53. Re7 { [%emt 0:00:05]} Kd3 {[%emt 0:00:03]} 54. f6 {[%emt 0:00:04]} e2
{[%emt 0:00:02] } 55. Kg6 {[%emt 0:00:17]} Re3 {[%emt 0:00:03]} 56. Rxe3+
{[%emt 0:00:06]} Kxe3 {[%emt 0:00:00]} 57. f7 {[%emt 0:00:01]} e1=Q {[%emt
0:00:01]} 58. f8=Q { [%emt 0:00:02]} Qg3+ {[%emt 0:00:01]} 59. Kh7 {[%emt
0:00:02]} Qh4+ {[%emt 0:00:01]} 60. Kg8 {[%emt 0:00:01]} Qg4+ {[%emt 0:00:02]}
61. Kf7 {[%emt 0:00:01]} Qf5+ {[%emt 0:00:01]} 62. Ke8 {[%emt 0:00:01]} Qg6+
{[%emt 0:00:03]} 63. Qf7 { [%emt 0:00:02]} Qc6+ {[%emt 0:00:04]} 64. Qd7 {[%emt
0:00:03] Aschhm1-003 offers a draw Arbiter Decision (Draw by material),
result=1} 1/2-1/2

[Event "DSJ Weihnachtsturnier U20 2020"]
[Site "https://play.chessbase.com/en/play?room=DSJWeihnachtU20"]
[Date "2020.12.29"]
[Round "1"]
[White "Boder, Jan"]
[Black "Hupfer, Maurice"]
[Result "1-0"]
[Termination "normal"]
[Board "19.1"]
[WhiteElo "2146"]
[BlackElo "1484"]
[WhiteTeam "SC ML Kastellaun"]
[BlackTeam "Schachfreunde Greiz"]
[PlyCount "65"]
[WhiteFideId "16243226"]
[BlackFideId "34641475"]
[EventRounds "7"]
[EventType "team-swiss"]
[EventDate "2020.12.29"]

1. c4 {[%emt 0:00:02]} b6 {[%emt 0:00:28]} 2. Nc3 {[%emt 0:00:08]} Bb7 { [%emt
0:00:05]} 3. e4 {[%emt 0:00:01]} c5 {[%emt 0:00:03]} 4. Nf3 {[%emt 0:00:03]} e6
{[%emt 0:00:05]} 5. d4 {[%emt 0:00:04]} cxd4 {[%emt 0:00:04]} 6. Nxd4 { [%emt
0:00:00]} Nc6 {[%emt 0:00:01]} 7. Ndb5 {[%emt 0:01:17]} a6 {[%emt 0:00:36]} 8.
Nd6+ {[%emt 0:00:14]} Bxd6 {[%emt 0:00:04]} 9. Qxd6 {[%emt 0:00:00]} Qe7 {[%emt
0:00:01]} 10. Bf4 {[%emt 0:00:19]} e5 {[%emt 0:00:36]} 11. Qxe7+ { [%emt
0:00:14]} Ngxe7 {[%emt 0:00:00]} 12. Be3 {[%emt 0:00:04]} Nd4 {[%emt 0:00:24]}
13. Bxd4 {[%emt 0:00:09]} exd4 {[%emt 0:00:00]} 14. Nd5 {[%emt 0:00:00] } Nxd5
{[%emt 0:00:24]} 15. exd5 {[%emt 0:00:10]} O-O {[%emt 0:00:05]} 16. Kd2 {[%emt
0:00:02]} Rfe8 {[%emt 0:00:28]} 17. Bd3 {[%emt 0:00:38]} Re7 {[%emt 0:00:49]}
18. Rhe1 {[%emt 0:00:08]} Rae8 {[%emt 0:00:05]} 19. Rxe7 {[%emt 0:00:04]} Rxe7
{[%emt 0:00:02]} 20. Re1 {[%emt 0:00:00]} Kf8 {[%emt 0:00:08]} 21. Rxe7 {[%emt
0:00:52]} Kxe7 {[%emt 0:00:00]} 22. Be4 {[%emt 0:00:00]} d6 { [%emt 0:00:06]}
23. Kd3 {[%emt 0:00:02]} g6 {[%emt 0:00:08]} 24. Kxd4 {[%emt 0:00:03]} f5
{[%emt 0:00:03]} 25. Bc2 {[%emt 0:00:12]} Kf6 {[%emt 0:00:16]} 26. f4 {[%emt
0:00:03]} h6 {[%emt 0:00:08]} 27. b4 {[%emt 0:00:15]} g5 {[%emt 0:00:06]} 28.
g3 {[%emt 0:00:02]} g4 {[%emt 0:00:13]} 29. c5 {[%emt 0:00:14]} bxc5+ {[%emt
0:00:20]} 30. bxc5 {[%emt 0:00:00]} dxc5+ {[%emt 0:00:06]} 31. Kxc5 { [%emt
0:00:00]} Bc8 {[%emt 0:00:12]} 32. Kd6 {[%emt 0:00:05]} a5 {[%emt 0:00:22]} 33.
Kc7 {[%emt 0:00:02]} 1-0